| 000 | 00693nam a2200229 a 4500 | ||
|---|---|---|---|
| 999 |
_c12175 _d12175 |
||
| 001 | 12175 | ||
| 003 | BD-JhCC | ||
| 005 | 20211004134021.0 | ||
| 008 | 210322s2017 bg a|||| |||| 001 0 eng d | ||
| 020 | _a9789843416083 | ||
| 035 | _a(BD-JhCC)12175 | ||
| 040 |
_aBD-JhCC _dBD-JhCC |
||
| 041 | _aeng | ||
| 082 |
_a004 _bCOM 2017 |
||
| 245 |
_aComputer fundamentals and ICT / _cM. Lutfar Rahman ...[et al]. |
||
| 260 |
_aDhaka : _bDaffodil International University press, _c2017. |
||
| 300 |
_axxiii, 543 p. : _bill. ; _c24 cm. |
||
| 650 | _aInformation technology--Study and teaching | ||
| 650 | _aComputer networks--Study and teaching | ||
| 700 | _aRahman, M. Lutfar | ||
| 942 |
_2ddc _cBK _01 |
||